Tribal Livelihood and Sustainable Development in Mayurbhanj, Orissa / (Record no. 38568)
[ view plain ]
| 000 -LEADER | |
|---|---|
| fixed length control field | 00456nam a22001217a 4500 |
| 082 ## - DEWEY DECIMAL CLASSIFICATION NUMBER | |
| Classification number | RJ.0184 |
| 100 ## - MAIN ENTRY--AUTHOR NAME | |
| Personal name | Jana, Chandra Narayan |
| Affiliation | Department of geography The University of Burdwan |
| Place | West Bengal, India |
| 245 ## - TITLE STATEMENT | |
| Title | Tribal Livelihood and Sustainable Development in Mayurbhanj, Orissa / |
| Statement of responsibility, etc | Narayan Chandra Jana |
| 260 ## - PUBLICATION, DISTRIBUTION, ETC. (IMPRINT) | |
| Place of publication | West Bengal, India: |
| Name of publisher/Sponsor | Indian Council of Social Science Research, |
| Year of publication | 2015 |
| 300 ## - PHYSICAL DESCRIPTION | |
| Number of Pages | Vi,136p. |
| 536 ## - FUNDING INFORMATION NOTE | |
| Funding Agency | ICSSR |
| 942 ## - ADDED ENTRY ELEMENTS (KOHA) | |
| Source of classification or shelving scheme | Dewey Decimal Classification |
| Koha item type | Research Reports |
| Withdrawn status | Lost status | Damaged status | Use restrictions | Not for loan | Collection code | Home library | Current library | Date acquired | Source of acquisition | Full call number | Accession Number | Price effective from | Koha item type |
|---|---|---|---|---|---|---|---|---|---|---|---|---|---|
| Restricted Access | Not For Loan | Major Research Project Reports | NASSDOC Library | NASSDOC Library | 25/07/2023 | Major Research Project reports Division | RJ.0184 | 53831 | 25/07/2023 | Research Reports |
